000 nam a22 7a 4500
999 _c51165
_d51165
003 OSt
005 20211202123001.0
008 211202b xxu||||| |||| 00| 0 eng d
040 _cSEROSOFT
100 _aMAHAJAN, V.D
245 _aANCIENT INDIA
260 _aS.CHAND
_bS.CHAND
300 _a668
942 _2ddc
_c02